Регионална библиотека "Любен Каравелов" - Русе

Екологични основи на земеделието (Запис номер 29225)

MARC детайли
000 -Лидер
Контролно поле с фиксирана дължина 01686nam a2200361 c 4500
003 - Код на организацията, давaща контролен номер
Контролно поле BLK
005 - Дата и час на последна редакция
Контролно поле 20180420220302.0
008 - Елементи от данни с фиксирана дължина
fixed length control field 180407b bul|||||r ||||||| ||bul||
010 ## - Наследен системен номер
LC control number KNG00031837000
020 ## - Международен стандартен номер на книга ISBN
Международен стандартен номер на книга ISBN 954-642-089-1
-- издат.: Pensoft
040 ## - Източник на каталожния запис
Идентификатор на билиотеката - собственик на записа BLK
041 ## - Код за език
Код за езика на текст/звукозапис или на отделно заглавие Български
Код за езика КДБФ Български
080 ## - УДК
Текстов определител УДК Природа. Изучаване и опазване на природната среда. Опазване на растителния и животинския свят. Вж и 55/59
УДК код - определител по УДК 502
УДК определител :631/635
УДК - код + определител 502:631/635
080 ## - УДК
Текстов определител УДК Борба с болестите и вредителите на растенията
УДК код - определител по УДК 632.9
УДК определител
УДК - код + определител 632.9
100 1# - Редна дума - Автор
Автор Станчева, Йорданка Мирчева
Авторска отговорност първи автор
R(LIN) 270167
139 ## - Редно поле
Редна дума Станчева, Йорданка Мирчева
Авторски знак Станч - С 70
245 10 - Сведения за заглавието
Заглавие Екологични основи на земеделието
Редно поле (дума) Йорданка Мирчева Станчева.
250 ## - Област на изданието
Сведения за изданието 2. изд.
257 ## - Страна на издаване
Страна на създаване/издаване България
260 ## - Област на издателските данни
-- София
Име на издателя, разпространителя и проч. Pensoft
Година на издаване 2000
Печатница София : Унив. изд. Св. Климент Охридски
300 ## - Физическа характеристика
Страници 346 с.
Илюстрации и др. с цв. ил., табл.
Размери/Мащаб 24 см
380 ## - Жанр
Жанр Естествени науки. Математика
500 ## - Общи забележки
Забележка 1. изд. 1999 на изд. ПъблишСайСет - Агри. - Библиогр. с. 327-328
650 #4 - Допълнително описание по предмет – тема
Основно описание – тема или топоним Земеделие - екологични проблеми
9 (RLIN) 270168
650 #4 - Допълнително описание по предмет – тема
Основно описание – тема или топоним Селскостопански култури - екологични проблеми
9 (RLIN) 258531
653 ## - Ключова дума – ненормативна
Ключова дума земеделие
653 ## - Ключова дума – ненормативна
Ключова дума екология
852 ## - Местоположение
Форматна сигнатура Цб 204304
856 4# - Електронен адрес и достъп
Електронен формат pdf - файл
Път до файла /url/
856 4# - Електронен адрес и достъп
Електронен формат pdf - файл
Път до файла /url/
942 ## - АРТИКУЛИ
Вид на библиотечния материал Книги
Скрит в OPAC Не
944 ## - СЪЗДАВАНЕ И РЕДАКЦИЯ на ЗАПИСА
Създаване/Редакция Създаване
Дата на регистрацията/редакция 15.01.2003
Служител, извършил регистрацията/редакцията Геновева_Генчева
944 ## - СЪЗДАВАНЕ И РЕДАКЦИЯ на ЗАПИСА
Създаване/Редакция Редакция
Дата на регистрацията/редакция 30.01.2007
Служител, извършил регистрацията/редакцията
999 ## - СИСТЕМНИ КОНТРОЛНИ НОМЕРА
Koha biblionumber 29225
Koha biblioitemnumber 29225
Наличности
Код за отписване Код за изгубен артикул Източник на класификационната схема Код за повреда Коз за рестрикции Код за отдаване Артикулен № Име на библиотеката - собственик Име на библиотеката, в която се намира в момента Статус (Текущо местоположение) Дата на вписване в системата Местоположение - отдел Цена в лева Инвентарен номер Систематично азбучна сигнатура Баркод Номер на екземпляра Цена в евро Служебна бележка Служебен тип на артикула
  Не е изгубен Universal Decimal Classification Не е повреден без рестрикции ползва се в читалня 47010 Регионална библиотека "Любен Каравелов" Русе Регионална библиотека "Любен Каравелов" Русе Хранилище 2024-09-20 Хранилище 0.00 655367 Цб 204304 120000655367 1 0.00 Дост: Dp Вид: Д Книги
  Не е изгубен Universal Decimal Classification Не е повреден без рестрикции ползва се в читалня 47011 Регионална библиотека "Любен Каравелов" Русе Регионална библиотека "Любен Каравелов" Русе Читалня 2001-12-21 Читалня 10.00 668648 Ч 502/С 70 120000668648 2 5.11 Дост: Pk Вид: Ф N: 7097 Дата: 21.12.2001 Дата инв: 15.03.2017 Бележки инв: Ч2017 Книги
  Не е изгубен   Не е повреден без рестрикции заемане за дома 47012 Регионална библиотека "Любен Каравелов" Русе Регионална библиотека "Любен Каравелов" Русе Заемна - подръчен фонд 2007-01-24 Заемна - подръчен фонд 10.00 120000708769 П 502/С 70 120000708769 3 5.11 Дост: Pk Вид: Ф N: 811 Дата: 22.01.2007 Дата инв: 08.02.2018 Бележки инв: П2018 Книги
Vip Innovations Ltd, Rousse, Bulgaria 2025